| 000 | 00780nam a2200217 i 4500 | ||
|---|---|---|---|
| 001 | bg | ||
| 245 | 0 | 0 |
_aKodeks cywilny : _bkodeks rodzinny i opiekuńczy, ustawa o księgach wieczystych i hipotece, prawo prywatne międzynarodowe, przepisy wykonawcze / _coprac. Dariusz Cisło. |
| 250 | _aStan prawny na dzień 21 września 1993 r. | ||
| 260 |
_aGdańsk : _bWydaw. Prawnicze i Ekonomiczne "Lex", _c1993. |
||
| 300 |
_a627, [1] s. ; _c22 cm. |
||
| 650 | 9 |
_aHipoteka _xprawo _zPolska |
|
| 650 | 9 |
_aPrawo cywilne _zPolska |
|
| 650 | 9 | _aPrawo prywatne międzynarodowe | |
| 650 | 9 |
_aRodzina _xprawo _zPolska |
|
| 700 | 1 |
_aCISŁO, Dariusz. _eoprac. |
|
| 040 | _cBPK | ||
| 041 | 0 | _apl | |
| 080 | _a347(438)+341.9](094.4) | ||
| 942 | _cKS | ||
| 008 | s pl f |000 0 pol | ||
| 999 |
_c30115 _d30115 |
||
| 856 |
_uhttp://koha.tu.koszalin.pl/cgi-bin/koha/opac-detail.pl?biblionumber=30115 _yKatalog online BPK |
||